| 000 | 00506nam a2200181Ia 4500 | ||
|---|---|---|---|
| 003 | OSt | ||
| 005 | 20250117143525.0 | ||
| 008 | 210210b1964 xxu||||| |||| 00| 0 eng d | ||
| 040 | _cAL | ||
| 041 | _akan | ||
| 082 | _a859/141 | ||
| 100 |
_aKRASHNARAYA (A N) _9154938 _dಕೃಷ್ಣರಾಯ (ಅ ನ ಕೃ). |
||
| 245 |
_aGarudumachche: _bಗರುಡುಮಚ್ಛೆ |
||
| 260 |
_aBengaluru _bStandard Book Dipo _c1964 |
||
| 690 |
_aKannada Fiction _9154939 |
||
| 906 | _a020922 | ||
| 942 |
_2ddc _cBK |
||
| 999 |
_c145080 _d145080 |
||